| 000 -LEADER |
| fixed length control field |
00423cam a22001217a 4500 |
| 008 - FIXED-LENGTH DATA ELEMENTS--GENERAL INFORMATION |
| fixed length control field |
180718b1989 xxu||||| |||| 00| 0 eng d |
| 082 ## - DEWEY DECIMAL CLASSIFICATION NUMBER |
| Classification number |
P11x5432 H266 |
| 100 ## - MAIN ENTRY--PERSONAL NAME |
| Personal name |
Haryana. Labour and Employment Departments |
| 245 ## - TITLE STATEMENT |
| Title |
Requirement and availability of teaching personnel in Haryana during Seventh Five Year Plan 1985-90 |
| 260 ## - PUBLICATION, DISTRIBUTION, ETC. |
| Place of publication, distribution, etc. |
Chandigarh |
| Name of publisher, distributor, etc. |
The author |
| Date of publication, distribution, etc. |
1989 |
| 300 ## - PHYSICAL DESCRIPTION |
| Extent |
56p. |
| 650 ## - SUBJECT ADDED ENTRY--TOPICAL TERM |
| Topical term or geographic name entry element |
Teachers - India - Haryana |